Escaping Paternalism Rationality, Behavioral Economics, and Public Policy

Saved in:
Bibliographic Details
Main Author: Rizzo, Mario J.
Other Authors: Whitman, Glen
Format: Book
Language:English
Published: Cambridge Cambridge University Press 2020
Edition:1st Edition
Series:Cambridge Studies in Economics, Choice, and Society
Subjects:
Tags: Add Tag
No Tags, Be the first to tag this record!

MARC

LEADER 00000nam a2200000 4500
001 0269595
005 20230118125156.5
020 |a 978-1-108-76000-3 
020 |a 978-1-107-01694-1 
041 0 |a eng 
044 |a GB 
245 1 0 |a Escaping Paternalism  |b Rationality, Behavioral Economics, and Public Policy  |c Mario J. Rizzo and Glen Whitman 
250 |a 1st Edition 
264 1 |a Cambridge  |b Cambridge University Press  |c 2020 
300 |a 496 s. 
490 1 |a Cambridge Studies in Economics, Choice, and Society 
830 0 |a Cambridge Studies in Economics, Choice, and Society 
610 2 0 |a ekonómia behaviorálna 
610 2 0 |a racionalita 
610 2 0 |a politika verejná 
610 2 0 |a ekonómia politická 
100 1 |a Rizzo, Mario J. 
700 1 |a Whitman, Glen